LEADER 01056nam 2200373 450 001 9910586663603321 005 20221015140044.0 010 $a1-83969-912-4 035 $a(CKB)4950000000721891 035 $a(NjHacI)994950000000721891 035 $a(EXLCZ)994950000000721891 100 $a20221015d2022 uy 0 101 0 $aeng 135 $aur||||||||||| 181 $ctxt$2rdacontent 182 $cc$2rdamedia 183 $acr$2rdacarrier 200 00$aHippocampus $eCytoarchitecture and Diseases /$fAles Stuchlik, editor 210 1$aLondon :$cIntechOpen,$d[2022] 210 4$d©2022 215 $a1 online resource (178 pages) $cillustrations 311 $a1-83969-911-6 320 $aIncludes bibliographical references and index. 517 $aHippocampus 606 $aHippocampus (Brain) 615 0$aHippocampus (Brain) 676 $a612.825 702 $aStuchlik$b Ales 801 0$bNjHacI 801 1$bNjHacl 906 $aBOOK 912 $a9910586663603321 996 $aHippocampus$91411881 997 $aUNINA LEADER 02048nas 2200625-a 450 001 9910146883203321 005 20231101153141.0 011 $a1876-4428 035 $a(OCoLC)173190282 035 $a(CKB)1000000000289745 035 $a(CONSER)--2013233220 035 $a(DE-599)ZDB2388747-3 035 $a(EXLCZ)991000000000289745 100 $a20070920a20079999 s-- a 101 0 $aeng 135 $aurcnu|||||||| 181 $ctxt$2rdacontent 182 $cc$2rdamedia 183 $acr$2rdacarrier 200 00$aPolar science 210 $a[Amsterdam, the Netherlands] $cElsevier 215 $a1 online resource 300 $aRefereed/Peer-reviewed 311 $a1873-9652 531 $aPOLAR SCI 606 $aNatural history$zPolar regions$vPeriodicals 606 $aBiology$zPolar regions$vPeriodicals 606 $aSciences naturelles$zRégions polaires$vPériodiques 606 $aBiologie$zRégions polaires$vPériodiques 606 $aBiology$2fast$3(OCoLC)fst00832383 606 $aNatural history$2fast$3(OCoLC)fst01034268 606 $aResearch$2fast$3(OCoLC)fst01095153 606 $aResearch$xInternational cooperation$2fast$3(OCoLC)fst01095203 607 $aPolar regions$xResearch$vPeriodicals 607 $aPolar regions$xResearch$xInternational cooperation$vPeriodicals 607 $aPolar regions$vPeriodicals 607 $aRégions polaires$vPériodiques 607 $aRégions polaires$xRecherche$xCoopération internationale$vPériodiques 607 $aPolar regions$2fast 608 $aPeriodicals.$2fast 610 $aGeography and environment 615 0$aNatural history 615 0$aBiology 615 6$aSciences naturelles 615 6$aBiologie 615 7$aBiology. 615 7$aNatural history. 615 7$aResearch. 615 7$aResearch$xInternational cooperation. 686 $a74.28$2bcl 712 02$aKokuritsu Kyokuchi Kenky?jo. 906 $aJOURNAL 912 $a9910146883203321 996 $aPolar science$91905340 997 $aUNINA